000 00643nam a2200193 a 4500
005 20240924070707.0
008 991125n1975 mx 000 0 spa u
035 _aUPN01000047664
049 _aCG
050 4 _aHQ784 H6
_bI65.6
110 2 _aInstituto Nacional de Protección a la Infancia (México)
_928089
245 0 0 _aPrograma de orientación familiar /
_cInstituto Nacional de Protección a la Infancia, Confederación Nacional Campesina.
260 _aMéxico :
_bINPI :
_bCNC,
_c[1975?].
300 _a15 p.
500 _aDisponible en la Colección Medina
650 4 _aHogar
_923810
650 4 _aFamilias
_944286
905 _aLibro
999 _c47664
_d47664